[Event "Baden-ch U1800 op"]
[Site "Waldshut Tiengen"]
[Date "2014.06.19"]
[Round "1"]
[White "Heni, Norbert"]
[Black "Dussel, Steffen"]
[Result "0-1"]
[WhiteElo "1828"]
[BlackElo "1602"]
[PlyCount "116"]
[EventDate "2014.06.19"]
[EventType "swiss"]
[EventRounds "7"]
[EventCountry "GER"]
[SourceTitle "EXT 2015"]
[Source "ChessBase"]
[SourceDate "2014.11.20"]
[SourceVersion "1"]
[SourceVersionDate "2014.11.20"]
[SourceQuality "1"]

1. c4 e5 2. g3 Nf6 3. Bg2 g6 4. Nc3 Bg7 5. e4 0-0 6. Nge2 d6 7. d4 Nbd7 8. 0-0 c6 9. h3 h6 10. Be3 a5 11. Qd2 Kh7 12. Rad1 Qc7 13. f4 exf4 14. Nxf4 Nb6 15. b3 a4 16. c5 dxc5 17. dxc5 Nbd7 18. Nxa4 Re8 19. Nc3 Ne5 20. Qd6 Qe7 21. Nd3 Nxd3 22. Rxd3 Be6 23. Qxe7 Rxe7 24. Bd4 Nd7 25. Bxg7 Kxg7 26. Na4 Ra5 27. Rc1 Re8 28. Kf2 Kf8 29. Ke3 Ke7 30. Kd2 Rf8 31. g4 Rh8 32. Rcc3 Re8 33. Kc1 Rf8 34. Kb2 Rg8 35. Ka3 Rga8 36. Bf1 Nxc5 37. Rd4 Nd7 38. Kb2 b5 39. Rxc6 bxa4 40. b4 a3+ 41. Ka1 R5a7 42. b5 Ra4 43. Bc4 Rxc4 44. Rcxc4 Bxc4 45. Rxc4 Rb8 46. Rb4 Rb6 47. Kb1 Nf6 48. Kc2 Ne8 49. Kb3 Nc7 50. Ka4 Kd7 51. Ka5 Rb8 52. Rd4+ Kc8 53. b6 Ra8+ 54. Kb4 Rb8 55. Ka5 Ne6 56. Rd6 Rb7 57. Ka4 Nc5+ 58. Kxa3 Nd7 0-1

[Event "Baden-ch op U1600"]
[Site "Birkenfeld"]
[Date "2013.05.30"]
[Round "1"]
[White "Bernhard, Thomas"]
[Black "Dussel, Steffen"]
[Result "0-1"]
[WhiteElo "1588"]
[BlackElo "1519"]
[PlyCount "102"]
[EventDate "2013.05.30"]
[EventType "swiss"]
[EventRounds "7"]
[EventCountry "GER"]
[SourceTitle "EXT 2014"]
[Source "ChessBase"]
[SourceDate "2013.11.20"]
[SourceVersion "1"]
[SourceVersionDate "2013.11.20"]
[SourceQuality "1"]

1. d4 d5 2. c4 e6 3. a3 Nf6 4. Nc3 c5 5. Nf3 Nc6 6. Bg5 dxc4 7. d5 exd5 8. Nxd5 Qxd5 9. Bxf6 Qxd1+ 10. Rxd1 gxf6 11. e3 Be6 12. Be2 Be7 13. Nd2 Ne5 14. Nb1 Rd8 15. Nc3 a6 16. a4 Nd3+ 17. Bxd3 cxd3 18. Rd2 Rg8 19. Kf1 c4 20. f3 Bb4 21. Kf2 Ke7 22. Rdd1 Ra8 23. Ra1 Bxc3 24. bxc3 b5 25. Rhb1 Bd7 26. a5 Bc6 27. Rb2 f5 28. g3 Kd6 29. Re1 Rge8 30. h3 Kc5 31. g4 Rab8 32. Rb4 fxg4 33. hxg4 Re6 34. Rh1 Rf6 35. Rh5+ Kd6 36. f4 Re8 37. Rxh7 Be4 38. Rh3 Ke7 39. Rb2 Rg6 40. g5 Ke6 41. Ke1 f6 42. Rg3 Rh8 43. Rf2 Rh1+ 44. Kd2 Ra1 45. f5+ Bxf5 46. e4 Ra2+ 47. Ke1 Rxf2 48. Kxf2 Bxe4 49. Re3 Kf5 50. gxf6 Rxf6 51. Rh3 Kg4+ 0-1

[Event "Zweibruecken PSB-ch HT5 82nd"]
[Site "Zweibruecken"]
[Date "2013.03.30"]
[Round "7"]
[White "Weissmann, Joerg"]
[Black "Dussel, Steffen"]
[Result "1/2-1/2"]
[WhiteElo "1915"]
[BlackElo "1493"]
[PlyCount "95"]
[EventDate "2013.??.??"]
[EventType "swiss"]
[EventRounds "7"]
[EventCountry "GER"]
[SourceTitle "EXT 2014"]
[Source "ChessBase"]
[SourceDate "2013.11.20"]
[SourceVersion "1"]
[SourceVersionDate "2013.11.20"]
[SourceQuality "1"]

1. e4 c5 2. Nf3 d6 3. d4 cxd4 4. Nxd4 Nf6 5. Nc3 g6 6. Be3 Bg7 7. f3 0-0 8. Qd2 Nc6 9. 0-0-0 Bd7 10. g4 Rc8 11. h4 Ne5 12. Bh6 Bxh6 13. Qxh6 Rxc3 14. bxc3 Qa5 15. Qe3 Rc8 16. Nb3 Qxa2 17. g5 Nh5 18. Rg1 Be6 19. Rd5 Qa3+ 20. Kd2 Bxd5 21. exd5 Kf8 22. f4 Nc4+ 23. Bxc4 Rxc4 24. Re1 Rc7 25. Qd4 f6 26. f5 Qa6 27. fxg6 hxg6 28. gxf6 Nxf6 29. Qe3 Qc4 30. Qh6+ Kf7 31. Re3 Qxd5+ 32. Kc1 a5 33. Nd4 a4 34. Ne6 Qxe6 35. Rxe6 Kxe6 36. Qxg6 Rxc3 37. Kb2 Rh3 38. Qg5 a3+ 39. Ka2 b6 40. Qf4 Kf7 41. Qd4 b5 42. c3 Rg3 43. Kxa3 Rg4 44. Qf2 Ke8 45. Qh2 Kf7 46. Qh3 Ra4+ 47. Kb3 Rg4 48. Qh2 1/2-1/2

[Event "Zweibruecken PSB-ch HT5 82nd"]
[Site "Zweibruecken"]
[Date "2013.03.29"]
[Round "6"]
[White "Dussel, Steffen"]
[Black "Koehler, Gernot"]
[Result "0-1"]
[WhiteElo "1493"]
[BlackElo "1780"]
[PlyCount "130"]
[EventDate "2013.??.??"]
[EventType "swiss"]
[EventRounds "7"]
[EventCountry "GER"]
[SourceTitle "EXT 2014"]
[Source "ChessBase"]
[SourceDate "2013.11.20"]
[SourceVersion "1"]
[SourceVersionDate "2013.11.20"]
[SourceQuality "1"]

1. d4 d6 2. e4 Nf6 3. Nc3 g6 4. Bc4 Bg7 5. f3 Nbd7 6. Be3 c6 7. Nge2 b5 8. Bb3 a6 9. Qd2 e5 10. 0-0-0 0-0 11. h4 Qe7 12. h5 Re8 13. hxg6 hxg6 14. Bh6 Qf8 15. g4 Nb6 16. dxe5 dxe5 17. Bxg7 Qxg7 18. Qh6 a5 19. a3 Be6 20. Rd6 Qxh6+ 21. Rxh6 Bxb3 22. cxb3 Kg7 23. Rh1 Rac8 24. Kc2 Red8 25. Rhd1 Rxd6 26. Rxd6 Ne8 27. Rd3 Kf6 28. Kd2 Ke6 29. Ng3 Nd6 30. Nf1 Rh8 31. Ke3 Rh1 32. Kf2 a4 33. Kg2 Rh8 34. bxa4 bxa4 35. Ne3 Ra8 36. Na2 Nb5 37. Nb4 Nd4 38. Rc3 Kd6 39. Nc4+ Nxc4 40. Rxc4 Rb8 41. Kf2 Ra8 42. Ke3 g5 43. Nd3 f6 44. Nb4 Rh8 45. Nc2 c5 46. Nxd4 exd4+ 47. Kd3 Rh3 48. Rxa4 Rxf3+ 49. Kd2 Ke5 50. Rc4 Kxe4 51. Rxc5 Rf2+ 52. Kc1 Kd3 53. b4 Ra2 54. Rf5 Kc3 55. Rf3+ d3 56. Kb1 Rxa3 57. Rxf6 Rb3+ 58. Ka1 d2 59. Rc6+ Kxb4 60. Rb6+ Kc3 61. Rc6+ Kd3 62. Rd6+ Ke3 63. Re6+ Kf2 64. Rd6 Ke2 65. Ka2 Rd3 0-1

[Event "Zweibruecken PSB-ch HT5 82nd"]
[Site "Zweibruecken"]
[Date "2013.03.24"]
[Round "3"]
[White "Schmitt, Sebastian"]
[Black "Dussel, Steffen"]
[Result "0-1"]
[WhiteElo "1171"]
[BlackElo "1493"]
[PlyCount "62"]
[EventDate "2013.??.??"]
[EventType "swiss"]
[EventRounds "7"]
[EventCountry "GER"]
[SourceTitle "EXT 2014"]
[Source "ChessBase"]
[SourceDate "2013.11.20"]
[SourceVersion "1"]
[SourceVersionDate "2013.11.20"]
[SourceQuality "1"]

1. d4 d5 2. e3 Nf6 3. c4 e6 4. b3 Nbd7 5. Nf3 Be7 6. Bd3 0-0 7. 0-0 c6 8. Bb2 Qc7 9. Bc2 b6 10. Qd3 Bb7 11. Nbd2 Rfe8 12. Ne5 Nf8 13. Rfe1 Ng6 14. Ndf3 Bd6 15. a3 Nd7 16. Nxd7 Qxd7 17. c5 Bc7 18. b4 b5 19. Nh4 Qe7 20. g3 e5 21. Nxg6 fxg6 22. f3 Bc8 23. e4 dxe4 24. Rxe4 Bf5 25. Rae1 Rad8 26. Bb3+ Kh8 27. Qe3 Bxe4 28. Qxe4 Qg5 29. Qxc6 Qd2 30. Rb1 exd4 31. Bc1 Re1# 0-1